| 000 | 004720000a22001810004500 | ||
|---|---|---|---|
| 003 | MACL | ||
| 005 | 20160129170558.0 | ||
| 008 | 160129b xxu||||| |||| 00| 0 eng d | ||
| 040 |
_aMACL _cMACL |
||
| 041 | _aEnglish | ||
| 082 | _a823/SHA | ||
| 100 |
_aShams, Ishteyaque _935694 |
||
| 245 |
_aThe Novels Of Ernest Hemingway _bA Critical Study |
||
| 260 |
_bAtlantic Publishers _c2002 _aNew Delhi |
||
| 350 | _a350 | ||
| 650 |
_aFiction _935695 |
||
| 942 |
_cBK _k823/Sha _2ddc |
||
| 999 |
_c31514 _d31514 |
||